Physical Principles Of Food Preservation (Record no. 1610)

MARC details
000 -LEADER
fixed length control field 00316nam a22001457a 4500
020 ## - INTERNATIONAL STANDARD BOOK NUMBER
International Standard Book Number 0-8247-4063-7
041 ## - LANGUAGE CODE
Language code of text/sound track or separate title ENG
100 ## - MAIN ENTRY--PERSONAL NAME
Personal name Karel.M
245 ## - TITLE STATEMENT
Title Physical Principles Of Food Preservation
260 ## - PUBLICATION, DISTRIBUTION, ETC. (IMPRINT)
Place of publication, distribution, etc New York
Name of publisher, distributor, etc CBC
Date of publication, distribution, etc 2014
300 ## - PHYSICAL DESCRIPTION
Extent 603
650 ## - SUBJECT ADDED ENTRY--TOPICAL TERM
Topical term or geographic name as entry element APE
700 ## - ADDED ENTRY--PERSONAL NAME
Personal name Lund.D.B
856 ## - ELECTRONIC LOCATION AND ACCESS
Uniform Resource Identifier APE ( 42 )
Holdings
Withdrawn status Lost status Source of classification or shelving scheme Damaged status Not for loan Home library Current library Shelving location Date acquired Cost, normal purchase price Total Checkouts Barcode Date last seen Price effective from Koha item type
    Dewey Decimal Classification     College of Agricultural Engineering and Technology, Dapoli , Library College of Agricultural Engineering and Technology, Dapoli , Library Book Cart 27/09/2021 3995.00   007001 27/09/2021 27/09/2021 Books

Contact Us: College of Agricultural Engineering and Technology, Dapoli, Dist.- Ratnagiri
Website: https://dbskkv.org Email: caetlibrary2015@gmail.com